1198 1685 1986 1691 1157 1422 1131 1824 1648 1440 1848 1361 1761 1165 1120 1219 1162 1161 1910 1535 1658 1917 1833 1362 1775 1451 1101 1779 1696 1562 1635 1135 1686 1945 1149 1662 1436 1597 1319 1750 1761 1716 1013 1726 1439 1526 1069 1871 1958 1349 1294 1915 1591 1999 1470 1004 1950 1093 1215 1672 1107 1729 1859 1931 1413 1924 1292 1437 1348 1793 1184 1049 1517 1096 1963 1388 1966 1246 1716 1641 1457 1836 1402 1631 1710 1568 1221 1028 1760 1471 1893 1792 1976 1683 1214 1821 1888 1421 1930 BCNSPRNW ULIB Ver.6.0+V

เปลี่ยนเป็นภาษาไทย

Change to English
 แสดงรายละเอียดบรรณานุกรม
  กลับหน้าหลัก

Brief Record : Get Marc (ISO 2709) : E-mail record : QR code < ปิดหน้าต่าง
LEADER : 00000nam 2200000uu 4500
001    13399129059
003     ULIB
008    020711s2566 th a 000 0 tha d
020    ^a9786166033540
060    ^aWG140^bอ114T
100    ^aองค์การ เรืองรัตนอัมพร และคณะ
245  4 ^aTHE REVIEW BOOK OF PRACTICAL ECG/^cองค์การ เรืองรัตนอัมพร
250    ^aพิมพ์ครั้งที่ 5
260    ^aกรุงเทพฯ :^bบริษัทคลาสิคสแกน จำกัด,^c2566
300    ^a128 หน้า
650    ^aPRACTICAL ECG
945    ^p350^l0^i011734
945    ^p350^l0^i011735
945    ^p350^l0^i011736
945    ^p350^l0^i011737
945    ^p350^l0^i011738
945    ^p350^l0^i011739
945    ^p350^l0^i011740
945    ^p350^l0^i011741
945    ^p350^l0^i011742
945    ^p350^l0^i011743
999    ^aประนอม เกษจรัล
รายการนี้ยังไม่มีแท็ก
คุณยังไม่ได้ล็อกอิน คุณสามารถมีกิจกรรมร่วมกับเว็บไซต์ได้ แต่ต้องล็อกอินก่อน ::
  ล็อกอิน

รายการสื่อสารสนเทศ

ลำดับที่ ประเภท เลขเรียก/บาร์โค้ด สถานที่ สถานะ
1. วิทยาศาสตร์การแพทย์ และสุขภาพ
หนังสือสำรอง
สถานะ=หนังสือสำรอง
WG140 อ114T ฉ.1 
  Barcode: 011734
ห้องสมุดวิทยาเขตสวรรค์ประชารักษ์
►หนังสือทั่วไป
บนชั้น
2. วิทยาศาสตร์การแพทย์ และสุขภาพ
วิทยาศาสตร์การแพทย์ และสุขภาพ
WG140 อ114T ฉ.10 
  Barcode: 011743
ห้องสมุดวิทยาเขตสวรรค์ประชารักษ์
►หนังสือทั่วไป
บนชั้น
3. วิทยาศาสตร์การแพทย์ และสุขภาพ
วิทยาศาสตร์การแพทย์ และสุขภาพ
WG140 อ114T ฉ.2 
  Barcode: 011735
ห้องสมุดวิทยาเขตสวรรค์ประชารักษ์
►หนังสือทั่วไป
บนชั้น
4. วิทยาศาสตร์การแพทย์ และสุขภาพ
วิทยาศาสตร์การแพทย์ และสุขภาพ
WG140 อ114T ฉ.3 
  Barcode: 011736
ห้องสมุดวิทยาเขตสวรรค์ประชารักษ์
►หนังสือทั่วไป
บนชั้น
5. วิทยาศาสตร์การแพทย์ และสุขภาพ
วิทยาศาสตร์การแพทย์ และสุขภาพ
WG140 อ114T ฉ.4 
  Barcode: 011737
ห้องสมุดวิทยาเขตสวรรค์ประชารักษ์
►หนังสือทั่วไป
บนชั้น
6. วิทยาศาสตร์การแพทย์ และสุขภาพ
วิทยาศาสตร์การแพทย์ และสุขภาพ
WG140 อ114T ฉ.5 
  Barcode: 011738
ห้องสมุดวิทยาเขตสวรรค์ประชารักษ์
►หนังสือทั่วไป
บนชั้น
7. วิทยาศาสตร์การแพทย์ และสุขภาพ
วิทยาศาสตร์การแพทย์ และสุขภาพ
WG140 อ114T ฉ.6 
  Barcode: 011739
ห้องสมุดวิทยาเขตสวรรค์ประชารักษ์
►หนังสือทั่วไป
บนชั้น
8. วิทยาศาสตร์การแพทย์ และสุขภาพ
วิทยาศาสตร์การแพทย์ และสุขภาพ
WG140 อ114T ฉ.7 
  Barcode: 011740
ห้องสมุดวิทยาเขตสวรรค์ประชารักษ์
►หนังสือทั่วไป
บนชั้น
9. วิทยาศาสตร์การแพทย์ และสุขภาพ
วิทยาศาสตร์การแพทย์ และสุขภาพ
WG140 อ114T ฉ.8 
  Barcode: 011741
ห้องสมุดวิทยาเขตสวรรค์ประชารักษ์
►หนังสือทั่วไป
บนชั้น
10. วิทยาศาสตร์การแพทย์ และสุขภาพ
วิทยาศาสตร์การแพทย์ และสุขภาพ
WG140 อ114T ฉ.9 
  Barcode: 011742
ห้องสมุดวิทยาเขตสวรรค์ประชารักษ์
►หนังสือทั่วไป
บนชั้น

BibComment


ยังไม่เคยถูกคอมเมนท์

คอมเมนท์ทรัพยากรรายการนี้
  คอมเมนท์: THE REVIEW BOOK ..


 Copyright 2026. Bcnsprnw @Library